UM Logo

Matrix coupled all-in-one magnetics for pwm power conversion / (Record no. 21506)

MARC details
000 -LEADER
fixed length control field 01043nam a22002657a 4500
003 - CONTROL NUMBER IDENTIFIER
control field OSt
005 - DATE AND TIME OF LATEST TRANSACTION
control field 20250407092609.0
008 - FIXED-LENGTH DATA ELEMENTS--GENERAL INFORMATION
fixed length control field 240911b ||||| |||| 00| 0 eng d
040 ## - CATALOGING SOURCE
Transcribing agency 0
082 ## - DEWEY DECIMAL CLASSIFICATION NUMBER
Classification number DPer 621.317 Ie21 December 2022 v.37 n. 12 part 1&2.
100 ## - MAIN ENTRY--PERSONAL NAME
Personal name Wang, Ping.
Relator term author.
9 (RLIN) 60700
245 ## - TITLE STATEMENT
Title Matrix coupled all-in-one magnetics for pwm power conversion /
Statement of responsibility, etc. Ping Wang,
260 ## - PUBLICATION, DISTRIBUTION, ETC. (IMPRINT)
Place of publication, distribution, etc. New York ;
Name of publisher, distributor, etc. The Institute of Electrical and Electronics Engineers, Inc.,
Date of publication, distribution, etc. December 2022.
300 ## - PHYSICAL DESCRIPTION
Extent volume 37, pages 15035-15050,
Other physical details illustration.
500 ## - GENERAL NOTE
General note IEEE Transactions on Power Electronics, v. 37 n. 12, pages 15035-15050, December 2022.
650 #0 - SUBJECT ADDED ENTRY--TOPICAL TERM
Topical term or geographic name as entry element Coupled inductor.
9 (RLIN) 66194
650 #0 - SUBJECT ADDED ENTRY--TOPICAL TERM
Topical term or geographic name as entry element integrated magnetics.
9 (RLIN) 66195
650 #0 - SUBJECT ADDED ENTRY--TOPICAL TERM
Topical term or geographic name as entry element current ripple reduction.
9 (RLIN) 66196
700 ## - ADDED ENTRY--PERSONAL NAME
Personal name Wang, Ping.
Relator term author.
9 (RLIN) 60700
700 ## - ADDED ENTRY--PERSONAL NAME
Personal name Zhaou, Daniel H.
Relator term author.
9 (RLIN) 60701
700 ## - ADDED ENTRY--PERSONAL NAME
Personal name Elasser, Youssef.
Relator term author.
9 (RLIN) 60702
700 ## - ADDED ENTRY--PERSONAL NAME
Personal name Baek, Jaeil.
Relator term author.
9 (RLIN) 60703
700 ## - ADDED ENTRY--PERSONAL NAME
Personal name Chen, Minjie.
Relator term author.
9 (RLIN) 60704
942 ## - ADDED ENTRY ELEMENTS (KOHA)
Source of classification or shelving scheme Dewey Decimal Classification
Koha item type Periodicals
Holdings
Withdrawn status Lost status Source of classification or shelving scheme Damaged status Not for loan Collection code Home library Current library Date acquired Total Checkouts Full call number Date last seen Price effective from Koha item type Public note
    Dewey Decimal Classification     Periodicals UM Digos College - LIC UM Digos College - LIC 09/11/2024   DPer 621.317 Ie21 December 2022 v.37 n. 12 part 1&2. 09/11/2024 09/11/2024 Periodicals Periodical Article